El niño en la encrucijada: acerca del juego y la sexualidad infantil
Saved in:
| Hovedforfatter: | |
|---|---|
| Format: | Bog |
| Sprog: | spansk |
| Udgivet: |
Rosario
Homo Sapiens
2004
|
| Fag: | |
| Tags: |
Tilføj Tag
Ingen Tags, Vær først til at tagge denne postø!
|
MARC
| LEADER | 00000nam a2200000 a 4500 | ||
|---|---|---|---|
| 001 | UCL9511 | ||
| 003 | CL-VaPUC | ||
| 008 | 040813e20040000AG |||||||||||||||||spa|d | ||
| 020 | |a 9508084030 | ||
| 082 | 0 | 4 | |a 155.418 |b GIR |2 21 |
| 100 | 0 | |a Giraldi, Graciela M |e author |9 487378 | |
| 245 | 1 | 3 | |a El niño en la encrucijada: acerca del juego y la sexualidad infantil |
| 300 | |a 142 p | ||
| 942 | |c BK | ||
| 945 | |d 20040813 00:00:00 |a cmena | ||
| 260 | |a Rosario |b Homo Sapiens |c 2004 | ||
| 650 | 0 | |a Niños |9 255605 | |
| 650 | 0 | |a Psicología del niño |9 307305 | |
| 650 | 0 | |a Psicoanálisis |9 265702 | |
| 650 | 0 | |a Identidad sexual |9 480057 | |
| 583 | |a last modification |c 20130107 12:19:22 |k Rodrigo Vera | ||
| 999 | |c 310277 |d 310275 | ||
| 952 | |0 0 |1 0 |4 0 |6 155_418000000000000_GIR_2004 |7 0 |8 A |9 378566 |a BIBEDU |b BIBEDU |d 2019-11-21 |i 4048245 |o 155.418 GIR 2004 |p 4048245 |r 2019-11-21 |w 2019-11-21 |y BK |k PSI | ||